01467nam a2200157 450000500170000000800410001702000230005804100080008108200170008910000120010624505350011826000270065330000240068050003960070452002090110020250724152118.0250724b |||||||| |||| 00| 0 eng d a9781840972108qhbk aeng a951.132bSHA aShangai aShanghai Political & Economic Reports, 1842-1943 : British Government Records From The International City 18 Volumesb: volume 1. introduction & reports for 1839-1846 volume 2. 1847-1852 volume 3. 1853-1856 volume 4. 1857-1862 volume 5. 1863-1866 volume 6. 1867-1873 volume 7. 1874-1878 volume 8. 1879-1883 volume 9. 1884-1893 volume 10. 1894-1899 volume 11. 1900-1913 volume 12. 1914-1920 volume 13. 1921-1924 volume 14. 1925-1926 volume 15. 1927 volume 16. 1928-1930 volume 17. 1931-1935 volume 18. 1936-1943c Jarman, Robert L. bArchive Editionsc2008 b1 color map ; 26 cm a Volume 1. Introduction & reports for 1839-1846 volume 2. 1847-1852 volume 3. 1853-1856 volume 4. 1857-1862 volume 5. 1863-1866 volume 6. 1867-1873 volume 7. 1874-1878 volume 8. 1879-1883 volume 9. 1884-1893 volume 10. 1894-1899 volume 11. 1900-1913 volume 12. 1914-1920 volume 13. 1921-1924 volume 14. 1925-1926 volume 15. 1927 volume 16. 1928-1930 volume 17. 1931-1935 volume 18. 1936-1943 aThe remarkable and durable institution of the International Settlement allowed the British to report in detail on political and economic matters in Shanghai and China. This collection of primary documents